000 00382nam a2200169Ia 4500
008 221030s9999 xx 000 0 und d
020 _a8176560405
041 _aEnglish
082 _a105.23
_bKan
100 _aY. Kanetkar
245 0 _aLet Us C
_cby Y. Kanetkar
250 _a3RD
260 _bBPB Pub
_aNew Delhi
_c1999
300 _a772
650 _aBE Computer
942 _cBK
999 _c8406
_d8406